العرب: مجلة شهرية جامعة
محفوظ في:
مؤلف مشترك:
التنسيق: كتاب
اللغة: Undetermined
منشور في:
Saudi Arabia
majalat alearab
1966
سلاسل:
مجلة العرب المجلد الأول
الوسوم: إضافة وسم
لا توجد وسوم, كن أول من يضع وسما على هذه التسجيلة!
رقم الطلب: A40 ARAB
| LEADER | 00423nam a2200133Ia 4500 | ||
|---|---|---|---|
| 008 | 240404s9999||||xx |||||||||||||| ||und|| | ||
| 050 | 4 | |a A40 ARAB | |
| 110 | 0 | |a مجلة العرب صاحبها حمد الجاسر. | |
| 245 | 1 | 0 | |a العرب: مجلة شهرية جامعة |
| 264 | 1 | |a Saudi Arabia |b majalat alearab |c 1966 | |
| 300 | |a 1168 |c 24 | ||
| 490 | 0 | |a مجلة العرب المجلد الأول | |
| 942 | |2 lcc |c BK | ||
| 999 | |c 58180 |d 58180 | ||
